| 000 | 00503nam a2200181Ia 4500 | ||
|---|---|---|---|
| 005 | 20250423101525.0 | ||
| 008 | 250422s9999 xx 000 0 und d | ||
| 020 | _a9781032027203 | ||
| 050 | _aTP 690 .S74/ | ||
| 100 | _aSpeight, James G. | ||
| 245 | 0 | _aThermal and catalytic processing in petroleum refining operations | |
| 260 | _aBoca Raton | ||
| 260 | _bCRC Press | ||
| 260 | _c2023 | ||
| 300 | _a336 p | ||
| 650 | _aPetroleum--Refining. Cracking process. Catalytic reforming. | ||
| 942 | _cBK | ||
| 999 |
_c36537 _d36537 |
||